000 00796nam a2200253Ia 4500
003 OSt
005 20220923225235.0
006 a|||||r|||| 00| 0
007 ta
008 220922b |||||||| |||| 00| 0 hin d
024 _a261,060
037 _cTextual
040 _aARTS
_cARTS
_bhin
041 _2hin
_ahin
082 _aO152,1N24x, N9
100 _aखंडेलवाल, गुलाब
245 0 _aप्रेम - वीणा
246 _aPrem - vīṇā
260 _aउत्तर प्रदेश
_b कमल प्रकाशन
_c1999
300 _a140पृ.
_ccm.
650 _aहिन्दी साहित्य
_9156264
942 _hO152,1N24x, N9
_cTEXL
_2CC
999 _c376945
_d376945